ਕੱਪੜਵਾਸ / (Record no. 111201)
[ view plain ]
| 000 -LEADER | |
|---|---|
| fixed length control field | 00875nam a22002417a 4500 |
| 005 - DATE AND TIME OF LATEST TRANSACTION | |
| control field | 20170123164203.0 |
| 010 ## - LIBRARY OF CONGRESS CONTROL NUMBER | |
| LC control number | A-415563 |
| 020 ## - INTERNATIONAL STANDARD BOOK NUMBER | |
| Terms of availability | 30.00 |
| 035 ## - SYSTEM CONTROL NUMBER | |
| System control number | A-415563 |
| 037 ## - SOURCE OF ACQUISITION | |
| Stock number | Cen Lib/Ret |
| 040 ## - CATALOGING SOURCE | |
| Original cataloging agency | DPL |
| Language of cataloging | PN |
| 082 ## - DEWEY DECIMAL CLASSIFICATION NUMBER | |
| Classification number | ਉ |
| Edition number | ਓਮਪ੍ਰ |
| 100 ## - MAIN ENTRY--PERSONAL NAME | |
| Personal name | ਓਮ ਪ੍ਰਕਾਸ਼ ਗਾਸ਼ੇਂ |
| 9 (RLIN) | 138756 |
| 245 ## - TITLE STATEMENT | |
| Title | ਕੱਪੜਵਾਸ / |
| Statement of responsibility, etc | ਓਮ ਪ੍ਰਕਾਸ਼ ਗਾਸ਼ੇਂ |
| 246 ## - VARYING FORM OF TITLE | |
| Title proper/short title | Kaparwas |
| Remainder of title | by Om Parkash Gasso |
| 260 ## - PUBLICATION, DISTRIBUTION, ETC. (IMPRINT) | |
| Place of publication, distribution, etc | ਜਲੰਧਰ |
| Name of publisher, distributor, etc | ਦੀਪਕ ਪਬਲਿਸ਼ਰਜ਼ |
| Date of publication, distribution, etc | 1993 |
| 270 ## - ADDRESS | |
| Address | ਮਾਈ ਹੀਰਾਂ ਗੇਟ |
| City | ਜਲੰਧਰ |
| Postal code | 144008 |
| 300 ## - PHYSICAL DESCRIPTION | |
| Extent | 176p. |
| Dimensions | 22cm |
| 650 ## - SUBJECT ADDED ENTRY--TOPICAL TERM | |
| Topical term or geographic name as entry element | ਪੰਜਾਬੀ ਸਾਹਿਤ |
| Form subdivision | ਪੰਜਾਬੀ ਸਾਹਿਤ-ਨਾਵਲ |
| 9 (RLIN) | 3201 |
| 650 ## - SUBJECT ADDED ENTRY--TOPICAL TERM | |
| Topical term or geographic name as entry element | Punjabi Literature |
| 9 (RLIN) | 138757 |
| 650 ## - SUBJECT ADDED ENTRY--TOPICAL TERM | |
| Topical term or geographic name as entry element | Punjabi Novel |
| 9 (RLIN) | 6285 |
| 942 ## - ADDED ENTRY ELEMENTS (KOHA) | |
| Source of classification or shelving scheme | Dewey Decimal Classification |
| Koha item type | Punjabi Bks |
| Classification part | ਉ |
| Call number suffix | ਓਮਪ੍ਰ |
| Withdrawn status | Lost status | Damaged status | Not for loan | Home library | Current library | Date acquired | Source of acquisition | Cost, normal purchase price | Total Checkouts | Full call number | Barcode | Date last seen | Date checked out | Copy number | Cost, replacement price | Price effective from | Koha item type |
|---|---|---|---|---|---|---|---|---|---|---|---|---|---|---|---|---|---|
| Central Library | Central Library | 17/03/2016 | Cen Lib/Ret | 30.00 | 1 | ਉ | A-415563 | 24/09/2020 | 20/03/2020 | 1 | 30.00 | 17/03/2016 | Punjabi Bks |
